German Rappers - Statistics

General Stats
  • This quiz has been taken 82 times
  • The average score is 15 of 20
Answer Stats
Picture Answer % Correct
Capital Bra
93%
Gzuz
93%
Cro
92%
Luciano
92%
Xatar
92%
Bonez MC
89%
Haftbefehl
87%
Pashanim
83%
Ufo361
83%
Ikkimel
80%
Bushido
73%
Kollegah
66%
RAF Camora
63%
SXTN
63%
Shindy
58%
SSIO
56%
Peter Fox
52%
Sido
52%
Celo & Abdi
51%
Eko Fresh
38%
No matching quizzes found
Score Distribution
Percent of People with Each Score
Percentile by Number Answered
Your Score History
You have not taken this quiz